Electrodinámica clásica

Sábháilte in:
Sonraí bibleagrafaíochta
Príomhchruthaitheoir: Jackson, John David (Údar)
Formáid: LEABHAR
Teanga:Spáinnis
Foilsithe / Cruthaithe: Madrid Alhambra 1980
Eagrán:2a. ed
Ábhair:
Clibeanna: Cuir clib leis
Níl clibeanna ann, Bí ar an gcéad duine le clib a chur leis an taifead seo!

MARC

LEADER 00000nam a2200000 a 4500
001 UCX3061
003 CL-VaPUC
008 910923e19800000SP |||||||||||||||||spa|d
082 0 4 |a 537.6  |b JAC  |2 21 
100 |a Jackson, John David  |e author  |9 251 
245 1 0 |a Electrodinámica clásica 
250 |a 2a. ed 
300 |a 861 p 
942 |c BK 
945 |d 19910923 00:00:00 
260 |a Madrid  |b Alhambra  |c 1980 
650 0 |a Electrodinámica   |9 317185 
583 |a last modification  |c 20171031 10:59:57  |k Rodrigo Vera 
999 |c 223927  |d 223925 
952 |0 0  |1 0  |4 0  |6 537_600000000000000_JAC_1980  |7 0  |8 A  |9 220187  |a BIBCUR  |b BIBCUR  |d 2019-11-15  |i 1798022  |l 3  |o 537.6 JAC 1980  |p 1798022  |r 2025-04-22  |s 2022-06-08  |w 2019-11-15  |y BK  |k FIS